| 000 | 00575nam a2200193Ia 4500 | ||
|---|---|---|---|
| 008 | 230125s9999 xx 000 0 und d | ||
| 020 | _a1-84112-221-1 | ||
| 041 | _aeng | ||
| 082 |
_a658.562 _bHAM |
||
| 100 |
_aHamson N _9109825 |
||
| 245 | _aManaging Quality | ||
| 260 |
_c2002 _bCapstone publication _aLondon |
||
| 300 | _a130p | ||
| 440 |
_aEssential Management Thinking At Your Fingertips Series _9107434 |
||
| 500 | _aQuality management;Series Book;Operations Series Book | ||
| 700 |
_aHamson N & Zuckerman A _9111282 |
||
| 906 | _b24 | ||
| 999 |
_c88193 _d88193 |
||